000 00545nam a2200205 a 4500
001 BRL_1158
005 20190320211048.0
008 201113s1942----mx-#######---#000-0#ger-#
041 _ager
044 _amx
050 4 _aPT2635.A27
_b.S44 1942
100 1 _aSeghers, Anna
_d1900-1983
_925966
245 1 0 _aDas Siebte Kreuz
_bRoman aus Hitlerdeutschland
_cAnna Seghers.
260 _aMéxico, D.F.
_bEl libro libre
_c1942
300 _a468 p.
_c19 cm.
500 _aAu1334
650 1 4 _aNovela alemana
_925967
902 _aGRL
942 _2lcc
_cB
999 _c9970
_d9970